|
|
|
|
| LEADER |
00000nam a2200000 a 4500 |
| 001 |
UCV5206 |
| 003 |
CL-VaPUC |
| 008 |
920915e19700000US |||||||||||||||||eng|d |
| 082 |
0 |
4 |
|a 620.25
|b CAM
|2 21
|
| 100 |
0 |
|
|a Camp, Leon
|e author
|9 299506
|
| 245 |
1 |
0 |
|a Underwater acoustics
|
| 300 |
|
|
|a 308 p
|
| 942 |
|
|
|c BK
|
| 945 |
|
|
|d 19920915 00:00:00
|
| 260 |
|
|
|a Nueva York
|b Wiley
|c 1970
|
| 650 |
|
0 |
|a Acústica subacuática
|9 261795
|
| 650 |
|
0 |
|a Sonido
|9 261796
|
| 583 |
|
|
|a last modification
|c 19920915 00:00:00
|k Rodrigo Vera
|
| 999 |
|
|
|c 211790
|d 211788
|
| 952 |
|
|
|0 0
|1 0
|2 ddc
|4 0
|6 620_250000000000000_CAM_1970
|7 0
|8 CCM
|9 191704
|a BIBCUR
|b BIBCUR
|c PAC
|d 2019-11-14
|i 2592371
|o 620.25 CAM 1970
|p 2592371
|r 2025-04-22
|w 2019-11-14
|y BK
|k CIM
|